Constitution : fundamental law of the Union of Soviet Socialist Republics : as amended by the seventh session of the Fifth Supreme Soviet of the U.S.S.R.

Bibliographic Details
Corporate Author: Soviet Union
Format: Book
Language:English
Published: Moscow : Foreign Languages Pub. House, 1962.
Subjects:

MARC

Tag First Indicator Second Indicator Subfields
LEADER 00000cam a2200000 a 4500
001 in00002207521
005 20151104121916.0
008 940224s1962 ru f000 0 eng c
035 |a (OCoLC)ocm30086362 
040 |a CGU  |c CGU  |d OCL  |d OCLCQ  |d TXA  |d UtOrBLW 
041 1 |a eng  |h rus 
042 |a pcc 
043 |a e-ur--- 
049 |a TXAM 
050 4 |a KLA2064.51936  |b .A6 1962 
082 0 |a 342.47 
110 1 |a Soviet Union. 
240 1 0 |a Konstitut͡sii͡a (1936).  |l English 
245 1 0 |a Constitution :  |b fundamental law of the Union of Soviet Socialist Republics : as amended by the seventh session of the Fifth Supreme Soviet of the U.S.S.R. 
246 1 4 |a Constitution (fundamental law) of the Union of Soviet Socialist Republics 
246 1 8 |a Constitution of the U.S.S.R. 
264 1 |a Moscow :  |b Foreign Languages Pub. House,  |c 1962. 
300 |a 115 pages ;  |c 17 cm. 
336 |a text  |b txt  |2 rdacontent 
337 |a unmediated  |b n  |2 rdamedia 
338 |a volume  |b nc  |2 rdacarrier 
500 |a "Revised translation from the Russian"--Title page verso. 
536 |a A gift from the library of Herbert A. Roeller, December 1998. 
650 0 |a Constitutions  |z Soviet Union. 
948 |a cataloged  |b h  |c 2007/1/11  |d c  |e jmarner  |f 4:13:08 pm 
994 |a C0  |b TXA 
999 |a MARS 
999 f f |s fe65a0c6-bbeb-3061-832b-729359efc6f0  |i c7cbda18-07db-3a41-9d0d-249fb288ee3d  |t 0 
952 f f |p normal  |a Texas A&M University  |b College Station  |c Sterling C. Evans Library  |d Evans: Library Stacks  |t 0  |e KLA2064.51936 .A6 1962  |h Library of Congress classification  |i unmediated -- volume  |m A14835140719 
998 f f |a KLA2064.51936 .A6 1962  |t 0  |l Evans: Library Stacks